000 00896nmc a2200301 a 4500
003 AR-BaBNM
005 20251128210148.0
008 099019s1999 ||||||||||||||000 | spa||
020 _a950-802-087-3
040 _cAR-BaBNM
100 1 _aPruzzo de Di Pego, Vilma
245 1 0 _aEvaluación curricular
_bevaluacion para el aprendizaje : una propuesta para el proyecto curricular institucional
250 _a1ª ed.
260 _aBuenos Aires
_bEspacio
_c1999
300 0 _a223 p.
_btablas
490 0 _aDidáctica
504 _aContiene bibliografía p. 210-217
650 4 _aEVALUACION DEL CURRICULO
650 4 _aCURRICULO
650 4 _aCRITERIOS DE EVALUACION
650 4 _aMETODOS DE EVALUACION
650 4 _aPARTICIPACION
650 4 _aROL DEL DOCENTE
653 0 _aPROYECTO EDUCATIVO INSTITUCIONAL
653 0 _aPROYECTOS CURRICULARES
942 _cBK
998 _cRaquel
999 _c14322
_d14322